[Event "BEL-chT 9798"]
[Site "Antwerp"]
[Date "1997.??.??"]
[Round "4"]
[White "Van de Plassche, Bas"]
[Black "Chuchelov, Vladimir"]
[Result "0-1"]
[WhiteElo "2325"]
[BlackElo "2525"]
[Annotator "Chuchelov,V"]
[PlyCount "68"]
[EventDate "1997.??.??"]
[EventType "team"]
[EventRounds "11"]
[EventCountry "BEL"]
[SourceTitle "CBM 062"]
[Source "ChessBase"]
[SourceDate "1998.01.31"]
[SourceVersion "1"]
[SourceVersionDate "1998.01.31"]
[SourceQuality "1"]

1. e4 c5 2. Nf3 e6 3. d4 cxd4 4. Nxd4 a6 5. Nc3 b5 6. Bd3 Qb6 7. Nb3 Qc7 8. O-O
Nf6 9. f4 Bb7 10. Qf3 d6 11. a4 b4 12. Ne2 Nbd7 13. Kh1 Be7 14. Bd2 d5 15. e5
Ne4 16. Be3 O-O 17. Qh3 Rae8 $1 18. Nbd4 (18. Ned4 Ndc5 19. Nxc5 Bxc5 20. a5
Bc8 $1 {and 21..f5}) 18... Ndc5 19. Rf3 $6 Bc8 $15 20. Bxe4 Nxe4 21. Qh5 g6 22.
Qh6 f6 23. f5 $2 exf5 24. Nf4 Bc5 $19 25. exf6 Nxf6 26. Nxg6 Ng4 27. Qh5 Qf7
28. Nxf5 Qxg6 29. Qxg6+ (29. Qxg4 Bxe3 30. Ne7+ Rxe7 31. Rxf8+ Kxf8 32. Qxc8+
Kg7 $19) 29... hxg6 30. Bxc5 Rxf5 31. Bxb4 Re2 32. Re1 Rxf3 33. gxf3 Rxe1+ 34.
Bxe1 Ne3 0-1

[Event "Bad Zwesten op 4th"]
[Site "Bad Zwesten"]
[Date "2000.01.05"]
[Round "5"]
[White "Van den Doel, Erik"]
[Black "Chuchelov, Vladimir"]
[Result "1/2-1/2"]
[WhiteElo "2528"]
[BlackElo "2533"]
[Annotator "Chuchelov,V"]
[PlyCount "77"]
[EventDate "2000.01.??"]
[EventType "swiss"]
[EventRounds "9"]
[EventCountry "GER"]
[SourceTitle "CBM 075"]
[Source "ChessBase"]
[SourceDate "2000.04.05"]
[SourceVersion "1"]
[SourceVersionDate "2000.04.05"]
[SourceQuality "1"]

1. e4 c5 2. Nf3 e6 3. d4 cxd4 4. Nxd4 a6 5. Nc3 b5 6. Bd3 Qb6 7. Be3 Bc5 8. Be2
Bb7 9. a4 Nf6 10. axb5 axb5 11. Rxa8 Bxa8 12. Ndxb5 $1 $146 (12. e5 Nd5 $1 (
12... Ne4 13. Ncxb5 $16) 13. Nxd5 Bxd5 14. O-O b4 (14... Nc6 $5 15. Nxc6 (15.
Nxb5 Bxe3 16. fxe3 (16. Nd6+ Ke7 17. fxe3 Nxe5) 16... Qxe3+ 17. Rf2 O-O) 15...
Qxc6 16. Bxc5 Qxc5 17. Bd3 O-O $11) 15. c4 $1 bxc3 16. bxc3 Nc6 (16... O-O 17.
Qc2 Nc6 18. Rb1) 17. Nxc6 Qxc6 18. Bxc5 Qxc5 19. Qd4 (19. c4 $5 Bc6 20. Qd6
Qxd6 21. exd6 f6 22. Ra1 Kf7 23. f4 Rb8 $132) 19... Qxd4 20. cxd4 Ke7 $15 {
Werle,J-Chuchelov,V/Den Haag 1999}) 12... Bxe3 13. fxe3 O-O 14. Qd3 (14. Qd4
Qxd4 15. exd4 Nxe4) (14. e5 Nd5 15. Qd4 Qa5 16. O-O Nc6 17. Qe4 Qb4 $1 $132)
14... Nc6 (14... e5 15. Nd5 (15. O-O Na6) 15... Bxd5 16. exd5 $16) 15. O-O Qc5
16. Qd2 h5 $2 (16... Qb4 $5 17. Bd3 Rb8 18. Ra1 Ne5 $14) 17. Nd6 Qg5 18. h3 Ne5
19. b4 $16 Rb8 20. b5 (20. Ra1 $5 $16) 20... Rb6 $1 21. Rf4 $6 (21. Qd4 Rxd6
22. Qxd6 Qxe3+ 23. Rf2 Qxc3 24. Qb8+ Kh7 25. Qxa8 Qxc2 $132) (21. Ra1 $5 Bb7
22. Kh1 $16) 21... Qg3 22. Nc4 Nxc4 23. Bxc4 e5 $1 24. Rf3 Qh4 25. Qf2 Qxf2+
26. Rxf2 Rb8 $132 27. Bd5 Bxd5 28. exd5 Rc8 29. b6 d6 30. Rf1 Nd7 (30... Rxc3
$2 31. Rxf6 Rxc2 32. Rxd6 Rb2 33. Rd8+ Kh7 34. Rb8 $18) 31. Ne4 Nxb6 32. Nxd6
Rxc2 33. e4 Nc4 $1 (33... f6 34. Rb1 Nc4 35. Rb8+ Kh7 36. Rc8 Ne3 37. Rxc2 Nxc2
38. Nb7 $18) 34. Nxf7 Nd2 35. d6 $138 (35. Nxe5 Nxf1 36. Kxf1 $14) 35... Nxf1
36. d7 Rd2 37. d8=Q+ Rxd8 38. Nxd8 Ng3 39. Nc6 1/2-1/2

[Event "Dresden op 08th"]
[Site "Dresden"]
[Date "1999.??.??"]
[Round "?"]
[White "Polzin, Rainer"]
[Black "Chuchelov, Vladimir"]
[Result "0-1"]
[WhiteElo "2475"]
[BlackElo "2535"]
[Annotator "Chuchelov,V"]
[PlyCount "84"]
[EventDate "1999.07.15"]
[EventType "swiss"]
[EventRounds "9"]
[EventCountry "GER"]
[SourceTitle "EXT 2000"]
[Source "ChessBase"]
[SourceDate "1999.11.16"]
[SourceVersion "1"]
[SourceVersionDate "1999.11.16"]
[SourceQuality "1"]

1. e4 c5 2. Nf3 e6 3. d4 cxd4 4. Nxd4 a6 5. Nc3 b5 6. Bd3 Qb6 7. Nb3 Qc7 8. Be3
Bb7 9. f4 Nf6 10. O-O d6 11. e5 $5 $146 dxe5 12. fxe5 Nfd7 $2 (12... Qxe5 13.
Bf4 Qh5 14. Na5 $44 (14. Be2 Qg6 15. Bf3 Nc6 $13 16. a4 $140 b4 17. Nb5 axb5
18. axb5 Rxa1 19. Qxa1 Nd8 20. Bxb7 Nxb7 21. Qa8+ Nd8 22. Rd1 Nd5)) (12... Nd5
$1 13. Nxd5 Bxd5 14. Bf4 Nc6 15. Qh5 Nb4 $132) 13. Rxf7 $3 Kxf7 14. Qh5+ Kg8
15. Rf1 g6 $8 (15... Nxe5 16. Rxf8+ $1 Kxf8 17. Bc5+ Kg8 18. Qe8#) 16. Bxg6
Nxe5 17. Ne4 $1 Bxe4 18. Bxe4 Nbc6 (18... Ra7 19. Bd4 Nbd7 20. Qe8 $18) 19.
Bxc6 $2 (19. Nd4 $1 Nxd4 20. Bxd4 Bc5 21. Qg5+ Qg7 22. Qxg7+ Kxg7 23. Bxc5 Rad8
24. Be7 $1 Ng4 25. Bxd8 Rxd8 26. Re1 Rd2 27. Bd3 $18) 19... Qxc6 $1 20. Qxe5
Bg7 21. Qg3 Rf8 $1 22. Nd4 Rxf1+ 23. Kxf1 Qd7 $1 $15 24. Qg4 h5 25. Qe4 Kf7 26.
Nf3 Qd5 27. Ng5+ Ke7 28. Qb4+ Kd7 29. Kf2 Rf8+ 30. Nf3 Rc8 31. c3 Qxa2 $19 32.
Bg5 Bxc3 $138 33. Qe7+ Kc6 34. Bf4 Qxb2+ 35. Kg3 Rg8+ 36. Ng5 Rxg5+ $1 37. Bxg5
(37. Qxg5 Bd4 $19) 37... Be5+ 38. Kh4 (38. Kh3 Qb3+ 39. Kh4 (39. g3 Qc4 40.
Qe8+ Kd5 41. Qa8+ Qc6) 39... Bxh2) 38... Qxg2 39. Qxe6+ Kb7 40. Qd7+ Bc7 41. h3
Qf3 42. Bd8 Qc6 0-1

[Event "BL2-West 0001"]
[Site "Germany"]
[Date "2001.01.07"]
[Round "4.1"]
[White "Balashov, Yuri S"]
[Black "Chuchelov, Vladimir"]
[Result "1/2-1/2"]
[WhiteElo "2575"]
[BlackElo "2535"]
[Annotator "Chuchelov,V"]
[PlyCount "94"]
[EventDate "2000.10.15"]
[EventType "team-tourn"]
[EventRounds "9"]
[EventCountry "GER"]
[SourceTitle "CBM 081"]
[Source "ChessBase"]
[SourceDate "2001.03.20"]
[SourceVersion "1"]
[SourceVersionDate "2001.03.20"]
[SourceQuality "1"]
[WhiteTeam "Plettenberg"]
[BlackTeam "Andernach"]
[WhiteTeamCountry "GER"]
[BlackTeamCountry "GER"]

1. e4 c5 2. Nc3 e6 3. Nge2 a6 4. g3 b5 5. Bg2 Bb7 6. d4 cxd4 7. Nxd4 Nf6 8. Qe2
b4 9. Na4 Qa5 10. b3 Nc6 11. Bb2 Nxd4 12. Bxd4 e5 $1 13. Bb6 Qb5 14. Qd3 Be7
15. O-O Rc8 16. Rac1 O-O $13 17. Rfe1 (17. Rfd1 $5) 17... Rfe8 $5 (17... d5 18.
exd5 Qxd3 19. cxd3 Rxc1 20. Rxc1 Bxd5 21. Bh3 $14) (17... h6 $5) (17... Rc6 18.
Qe3) 18. Be3 (18. Qe3 d5 19. exd5 Nxd5 20. Qxe5 Bc5 21. Bxc5 Rxe5 22. Rxe5 Nf6
$15) 18... h6 19. Bd2 (19. Qxb5 axb5 20. Nb6 Rc7 21. Nd5 Bxd5 22. exd5 Bc5)
19... Bc6 20. Nb2 (20. Qxb5 axb5 21. Nb6 Rc7 22. Nd5 Bxd5 23. exd5 Bd6) 20...
Qb7 21. c4 Bc5 (21... bxc3 $5 22. Bxc3 Ba3 23. Rc2 d5 $132) 22. Nd1 (22. Qe2 a5
23. Nd3 Bd4 $13) 22... a5 23. h3 a4 24. Kh2 axb3 25. axb3 Ra8 $132 26. f3 Ra2
27. Ne3 Rea8 28. Nd5 (28. Nf5 $5 Qc7 29. f4 Nh5 $13) 28... Bxd5 29. exd5 d6 30.
f4 exf4 31. gxf4 (31. Bxf4 Nh5) 31... Rb2 32. Rc2 Rxc2 33. Qxc2 Qd7 34. Be4 (
34. Qd3 $5 Re8 35. Rxe8+ Qxe8 36. Bf3 $11) 34... Re8 35. Bf5 $2 (35. Bd3) 35...
Qd8 $2 $138 (35... Rxe1 $1 36. Bxd7 (36. Bxe1 Qe7 37. Bf2 Nh5 $36) 36... Re2+
37. Kg3 (37. Kh1 Ne4 $19) 37... Rxd2 38. Qf5 Bd4 39. Ba4 g6 40. Qc8+ Kg7 $19)
36. Qd1 $1 $11 g6 37. Bd3 Kg7 38. Qa1 Rxe1 39. Qxe1 Qa5 40. Bc2 Qa2 41. Qb1 Qa7
(41... Qa3 $5 42. Qc1 Bd4 43. Qe1 (43. Qxa3 bxa3 44. Bb1 Ne4) 43... Qa2 44. Qb1
Qa5 45. Kg2 (45. Qe1 Bc3) 45... Bc3 46. Be3 Nd7 $15 47. f5 g5 48. h4 $132) 42.
Qe1 Nh5 43. Kg2 Qa2 44. Qb1 Qa5 45. Qe1 Qa2 46. Qb1 Qa5 47. Qe1 Qa2 1/2-1/2

[Event "Grand Slam Final 4th"]
[Site "Sao Paulo/Bilbao"]
[Date "2011.10.06"]
[Round "6"]
[White "Ivanchuk, Vassily"]
[Black "Nakamura, Hikaru"]
[Result "1-0"]
[WhiteElo "2765"]
[BlackElo "2753"]
[Annotator "Edouard,R"]
[PlyCount "77"]
[EventDate "2011.09.26"]
[EventType "tourn"]
[EventRounds "10"]
[EventCountry "BRA"]
[EventCategory "22"]
[SourceTitle "CBM 145"]
[Source "ChessBase"]
[SourceDate "2011.11.11"]
[SourceVersion "1"]
[SourceVersionDate "2011.11.11"]
[SourceQuality "1"]

1. e4 c5 2. Nf3 e6 3. d4 cxd4 4. Nxd4 a6 5. Nc3 Qc7 6. Bd3 Nf6 7. f4 Bb4 8. Nb3
Bxc3+ 9. bxc3 d6 (9... Qxc3+ $2 10. Bd2 Qc6 11. Qe2 {gives White huge
compensation.}) 10. Ba3 O-O 11. Qd2 Rd8 12. O-O Nc6 13. Rf3 b5 14. Rg3 Kh8 15.
Rf1 Bb7 16. f5 Rg8 17. Qg5 e5 $6 {A tempting move: closing the position and
aiming to play ...d5 very soon. Of course, Nakamura is taking risks, playing
sharp positions as always, which is more than pleasant for the spectators.} ({
I think the brave} 17... exf5 18. Rxf5 Qd8 $1 {should simply be fine for Black,
since after} 19. Qh4 {(with the idea of e5! opening the diagonal for the
d3-bishop) Black is in time to play} (19. Rh3 $2 Bc8 {or even just 19...Ne5}
20. e5 $2 Nxe5 21. Rxf6 Bxh3 $19) 19... Ne5) 18. Qh4 Ne7 $2 {A losing move in
a very complicated position.} ({Black had to play} 18... Nb8 $1 {with the idea
of} 19. Rh3 (19. Rxg7 Rxg7 20. Qxf6 Nd7 $13) 19... Nbd7 $1 20. Bc1 {and now
Black would be able to realise his plan with} d5 $1 21. exd5 (21. g4 dxe4 22.
Be2 Nf8 {is good for Black.}) 21... Qd6 {and the position is quite unclear. Of
course Black had to find only moves, and will probably need to find more!}) 19.
Rh3 $1 {A good move, though 19.Bc1 is also very strong.} (19. Bc1 $5 d5 $8 {
Otherwise Bg5 just wins.} 20. Nd4 $1 {This is purely a computer move, and
while not the only strong move, it is the best: so let's put it as a main move,
even though it is completely impossible to find without assistance :) I
checked several lines with my engine, but as it wasn't extremely deep, there
might be mistakes!} (20. Rh3 $5 Rgd8 $8 21. g4 (21. Bg5 $2 Neg8 $132) 21...
dxe4 22. Be2 {and Black wants to reply ...Nxf5! if White pushes g5 followed by
...Bc8, but White can even prepare slowly (starting with Be3) and I don't see
what Black can do. It seems winning for White.} (22. g5 Nxf5 23. Rxf5 Bc8 24.
Rxf6 Bxh3 25. Qxe4 (25. Bxe4 Rd1+ 26. Kf2 Rf1+ 27. Kg3 Rg1+ 28. Kxh3 Qc8+ 29.
Bf5 Qxc3+ 30. Bd3 Qc8+ 31. Rf5 g6 32. Qf2 Rxc1 33. Nxc1 gxf5 {is not entirely
clear.}) 25... g6 26. Bb2 $16)) (20. Bg5 Qb6+ 21. Be3 $1 Qd6 (21... Qc7 22. Rh3
Rgd8 23. g4 dxe4 24. g5 Nxf5 25. Rxf5 Bc8 26. Rxf6 Bxh3 27. Bxe4 Rd1+ 28. Kf2
Rf1+ 29. Kg3 $18) 22. Rh3 dxe4 (22... Rgc8 23. g4 $18) 23. Bg5 Ned5 24. c4 (24.
Bxe4 Rgc8 {is not so clear.}) 24... bxc4 25. Bxc4 e3 $8 26. Rff3 Qb6 27. Bxd5
e2+ 28. Be3 Qd6 29. c4 Rgc8 30. Bd2 Bxd5 31. cxd5 Rc2 32. Re3 a5 33. Rxe2 a4
34. Nc1 Rxd2 35. Rxd2 Qc5+ 36. Kf1 Qxc1+ 37. Qe1 $16) 20... dxe4 (20... exd4
$140 $2 21. Bg5 Qd6 22. Rh3 $18) (20... Qd6 21. Rh3 $1 Rge8 22. g4 dxe4 23. g5
$18) (20... Qb6 21. Be3 $18) (20... Qxc3 21. Nf3 $18) 21. Bg5 Qd6 22. Rh3 Ned5
23. Bxe4 Rgb8 24. Bxd5 Qxd5 25. Nf3 $18) 19... d5 20. Nc5 $6 {Only "dubious",
even though the evaluation of the position drops down a lot. In my opinion
this is a brillant conception by Ivanchuk, though the game is going to carry
on longer!} (20. Rff3 $1 {just wins, though Black can get "only" a lost
endgame after finding some genius moves:} Rgc8 $1 {Far from easy to find in my
opinion!! But anyway, all lines are pretty computer-like, so Ivanchuk must
have miscalculated something, since 20.Rff3 is a very attractive and logical
move.} (20... dxe4 $2 21. Qxh7+ {Oops!} Nxh7 22. Rxh7+ Kxh7 23. Rh3#) (20... h6
21. Bc1 $18) (20... Rgd8 $2 21. g4 Neg8 22. g5 dxe4 23. gxf6 Nxf6 24. Rfg3 $1
$18) 21. Bxe7 (21. g4 Neg8 22. g5 dxe4 23. gxf6 Nxf6 24. Rfg3 Qb6+ {The rook
on c8 prevents Bc5!} 25. Kf1 exd3 26. Rxg7 Kxg7 27. Rg3+ Kh8 28. Qh6 Rg8 29.
Be7 Rxg3 30. Bxf6+ Qxf6 31. Qxf6+ Rg7 32. cxd3 {is not entirely clear.}) 21...
Qxe7 22. g4 h6 (22... dxe4 23. g5 h6 24. gxf6 Qxf6 25. Bxe4 $18) 23. g5 Nh7 (
23... Ng8 24. f6 Qf8 25. fxg7+ Qxg7 26. Rfg3 $18) 24. f6 Qf8 $8 25. exd5 (25.
Rfg3 dxe4 26. Bxe4 Rc4 27. Nd2 Rxe4 28. Nxe4 Bc8 29. fxg7+ Qxg7 30. Qxh6 $16)
25... Bxd5 26. Rfg3 e4 $8 27. Bxe4 Bxe4 28. Qxe4 Re8 29. Qf3 Re1+ 30. Kg2 Rae8
31. Nd4 R8e3 32. fxg7+ Qxg7 33. gxh6 Qxg3+ 34. Rxg3 Rxf3 35. Rxf3 {should be
winning.}) (20. g4 dxe4 21. Be2 Ned5 22. g5 e3 {is not so clear.}) (20. Bc1 $5)
20... dxe4 (20... Rac8 21. Rff3 $1 (21. g4 dxe4 22. Bxe4 Bxe4 23. Nxe4 Qa7+ {
preventing Bc5 is, once again, the idea of playing ...Rc8.}) 21... Qb6 22. Kh1
Rgd8 $8 23. Nxb7 Qxb7 24. Bxe7 Qxe7 25. g4 h6 $8 26. g5 Nxe4 27. f6 Qf8 28.
Bxe4 dxe4 29. fxg7+ Qxg7 30. Rf6 $18) 21. Bxe4 Bd5 22. g4 h6 (22... Qb6 {
should be best, but White is much better:} 23. Rf2 $1 (23. g5 $4 Bxe4 $19) (23.
Bxd5 Nexd5 24. g5 Rac8 25. gxf6 Nxf6 26. Qf2 Ng4 27. Qh4 Nf6 $11) 23... Rgd8 (
23... h6 24. Bd3 e4 25. Bc1 Nxg4 26. Qxg4 exd3 27. cxd3 $16) 24. Nd3 $1 h6 $8 (
24... Bxe4 25. Bxe7 $18) 25. Bxd5 Nexd5 26. g5 Nf4 27. Nxf4 Rd1+ 28. Kg2 Qc6+
29. Rhf3 Ne4 30. Nh3 Nxf2 31. Nxf2 Rg1+ 32. Kxg1 Qxf3 33. f6 h5 {and the
position is not entirely clear, but of course Black had to defend like crazy
and find very difficult moves.}) 23. g5 Nh7 (23... Nxe4 24. Nxe4 Bxe4 25. Qxe4
Rad8 26. f6 Ng6 27. Bc1 {is better for White, and probably better than the
game.}) 24. f6 Ng6 25. fxg7+ $2 {In these kinds of positions, it's easy to
blunder with Black, but not only...} ({White should go} 25. Qg4 $1 {in order
to play fxg7+ and then take with the rook on h6, which is a much better plan.})
25... Rxg7 26. Qxh6 Rd8 27. Bxg6 fxg6 28. Rf6 Qc8 29. Rh4 Bf7 $2 {Black misses
a way to escape!} ({After} 29... Bg8 $1 {Black seems to be fine:} 30. Ne4 ({
With the idea} 30. Rxg6 $2 Rd1+ 31. Kg2 Bd5+ 32. Ne4 Rf7 $1 $19) (30. Nd3 Qxc3
$13) 30... Qc4 $1 31. Bf8 Rd1+ 32. Kg2 Rf7 {is not clear.}) 30. Nd3 $2 {
White misses a way to win!} (30. Ne4 $1 {[%cal Ga3d6,Ge4d6]} Rd1+ (30... Qb7
31. Bd6 Qd5 32. Be7 Re8 33. Rxf7 Rxf7 34. Bf6+ $18) 31. Kg2 $1 (31. Kf2 $2 Qc4
$1 $11) 31... Qb7 (31... Qc4 32. Bf8 $18) (31... Re1 32. Qxg7+ $1 (32. Kf2 $18)
32... Kxg7 33. Rxf7+ Kxf7 34. Nd6+ $18) 32. Bf8 $18) 30... Kg8 $2 {And...
Black misses a way to escape!} (30... Rxd3 $1 31. cxd3 Qxc3 {seems to be
enough to make a draw!}) 31. Bd6 $1 e4 $2 (31... Re8 $8 32. Nxe5 Qxc3 33. Qxg7+
$1 (33. Rxf7 Qe3+ 34. Rf2 Qb6 {is less clear: thank you, engine!}) 33... Kxg7
34. Rxf7+ Kg8 35. Rhxh7 Qe1+ 36. Kg2 Qe2+ 37. Kh3 Qe3+ 38. Rf3 Qxf3+ 39. Nxf3
Kxh7 40. Be5 {and I suppose this should be winning for White...}) 32. Be5 $18 {
Now it's over.} Rd5 33. Rc6 Qf8 34. Bxg7 {Just for chess beauty?} (34. Rc8 $18)
34... Qxg7 35. Rxe4 Rxg5+ 36. Qxg5 $1 Nxg5 37. Rc8+ Be8 38. Rcxe8+ Kh7 39. Rh4+
1-0

[Event "Minsk"]
[Site "Minsk"]
[Date "1996.??.??"]
[Round "9"]
[White "Kupreichik, Viktor D"]
[Black "Sulskis, Sarunas"]
[Result "1-0"]
[WhiteElo "2485"]
[BlackElo "2505"]
[Annotator "Endgame-CD"]
[PlyCount "153"]
[EventDate "1996.??.??"]
[EventType "tourn"]
[EventRounds "11"]
[EventCountry "BLR"]
[EventCategory "11"]
[SourceTitle "CBM 054"]
[Source "ChessBase"]
[SourceDate "1996.10.01"]
[SourceVersion "1"]
[SourceVersionDate "1996.10.01"]
[SourceQuality "1"]

1. e4 {Hecht} c5 2. Nf3 e6 3. Nc3 a6 4. d4 cxd4 5. Nxd4 b5 6. g3 b4 7. Na4 Bb7
8. Bg2 Nf6 9. Qe2 d6 10. O-O Nbd7 11. a3 a5 12. Rd1 e5 13. Nb5 Ba6 14. axb4
axb4 15. c4 bxc3 16. Naxc3 Bxb5 17. Rxa8 Bxe2 18. Rxd8+ Kxd8 19. Nxe2 Be7 20.
Nc3 Kc7 21. Bf1 Rb8 22. Bc4 Nc5 23. f3 Ne6 24. Kf2 h5 25. b3 Nd4 26. Be3 Nxb3
27. Nb5+ Kc6 28. Bxb3 Kxb5 29. Rc1 Bd8 30. Bc4+ Kc6 31. Be6+ Kb7 32. Bxf7 Bb6
33. Bxb6 Kxb6 34. Bd5 Ka5 35. Ra1+ Kb6 36. Rc1 Ka5 37. Ke3 g5 38. Rc2 Rb5 39.
Be6 g4 40. fxg4 Nxg4+ 41. Kf3 Kb6 42. h3 Nf6 43. g4 hxg4+ 44. hxg4 Ra5 45. Rb2+
Kc7 46. g5 Nh7 47. Kg4 Ra1 48. Rg2 Nf8 49. Bf5 d5 50. exd5 Kd6 51. Be4 Rf1 52.
Re2 Nd7 53. Kg3 Nc5 54. Bf3 Rg1+ 55. Bg2 e4 56. g6 Ke7 57. Kh2 Rd1 58. Bxe4
Nxe4 59. Rxe4+ {Hecht: weiße Mehrbauern blockiert vom sK bzw. kontrolliert vom
sT; Aufgabe des g-B führt laut ENDSPIEL-CD nicht zum Gewinn trotz vertikal
abgeklemmtem sK. Schwarzer Fehler Zug xx} Kf8 {Das Endspiel ist trotz zweier
Mehrbauern nur Remis, weil der weiße K zu ungünstig steht, um beide Bauern zu
halten.} (59... Kf6 {Hecht} 60. Re6+ Kg7 61. d6 {[%cal Yh2d7]} Rf1 62. Kg2 Rf5
63. Kg3 Rf1 64. Kg4 Rf2 65. Kg5 {[%cal Re6e7]} Rg2+ 66. Kf5 Rf2+ 67. Ke5 Re2+
68. Kd5 Rd2+ 69. Kc6 $18) 60. Re5 Kg7 61. Rg5 (61. Kg3 {nützt auch nichts.}
Kxg6 62. Kf4 Kf7 $10 (62... Kf6 $4 {wäre stattdessen ein Fehler, weil Weiß ein
wichtiges Tempo gewinnt.} 63. Re6+ Kf7 64. Ke5 $18)) 61... Rf1 {[%cal Rf1f6,
Rf6g6]} 62. Kh3 (62. Kg2 Rf8 63. Kg3 Rf1 (63... Rf6 64. Kg4 Rxg6 $2 65. d6 $18
(65. Rxg6+ $4 Kxg6 $10)) 64. Kg4 Rf2 65. Rf5 Rg2+ 66. Kf4 Kxg6 $10 (66... Rxg6
67. Ke5 $18)) 62... Rf6 63. Kg4 Rf1 (63... Rxg6 {[#] Variantendiagramm} 64. d6
$1 Rxg5+ 65. Kxg5 Kf7 66. Kf5 Kf8 67. Kf6 Ke8 68. Ke6 $18) 64. Rf5 {Gibt es
einen Gewinn für Weiß? Analyse!} Rg1+ (64... Rd1 65. Kg5 {[%cal Rf5f7,Rf7d7]}
Rg1+ 66. Kf4 Kxg6 67. Re5 {siehe Partie}) 65. Kf4 Kxg6 $10 {[#] [#] Remis gem.
ENDSPIEL-CD} 66. Re5 Kf7 (66... Ra1 $10) (66... Rf1+ 67. Ke4 Re1+ 68. Kd4 Rd1+
(68... Rxe5 69. Kxe5 $18) 69. Kc5 Rc1+ 70. Kd6 Kf6 71. Re6+ Kf7 72. Kd7 Ra1 73.
Rc6 $18) (66... Kf6 $4 {wäre wieder ein Fehler, der zum Verlust führt.} 67.
Re6+ Kf7 68. Ke5 $18) 67. Re6 {Die weiße Drohung lautet Ke5 und dann entweder
Kd6 oder Kd4, je nachdem wie sich der schwarze R aufstellt.} Ra1 {oder Tg8=} (
67... Rg8 {ist ebenfalls zum Remis ausreichend.} 68. Ke5 Ra8 $10) (67... Rf1+
$4 {wäre stattdessen ein Fehler, weil der weiße König mit Tempo auf bessere
Felder getrieben wird.} 68. Ke5 Ra1 69. Kd4 Ra4+ 70. Kc5 Ra5+ 71. Kc4 Ra4+ 72.
Kb5 {Damit sind die seitlichen Schachgebote beendet, der Rest ist (hoffentlich)
nur noch eine Frage der Technik.} Rd4 73. Kc6 Ra4 74. Re3 Ra6+ 75. Kb5 (75. Kb7
Rd6 $10) 75... Rd6 76. Kc5 Rd8 77. d6 Rc8+ 78. Kb6 Rc2 79. d7 Rb2+ 80. Kc7 Rc2+
81. Kd8 Rc1 82. Rf3+ Kg7 83. Rf4 Kg6 84. Ke8 Re1+ 85. Kf8 Rd1 86. Rf7 Rd2 87.
Ke8 Re2+ 88. Re7 $18) 68. Ke5 {[#]} Ra4 {Verhindert Kd4 und nach Kd6 kommt ein
Schach von a6.} (68... Ra7 {scheint am einfachsten zu sein.} 69. Kd4 (69. Kd6
Ra6+) (69. Rc6 Ke7 $10) 69... Re7 $10) (68... Ra8 69. Kd6 Ra6+ (69... Re8 $4
70. Rxe8 Kxe8 $18) 70. Ke5 Rxe6+ 71. dxe6+ Ke7 $10) (68... Ra8 $10 {Hecht}) (
68... Ra7 $10 {Hecht}) 69. Rh6 {Weiß hebt die Absperrung auf und versucht mit
einer seitlichen Turmaufstellung etwas zu erreichen. Da der schwarze K gleich
mit dem Rücken zur Wand steht, muß Schwarz aufpassen, daß er nicht durch
Mattdrohungen zu etwas gezwungen wird, was er eigentlich nicht möchte.} Ke7 70.
Rh7+ Kd8 (70... Ke8 71. Ke6 Re4+ $1 72. Kd6 Rd4 $10) 71. Ke6 {[#] Mit der Idee
ein Seitenschach von a6 mit d5-d6 zu beantworten. Es droht nun einfach 72.Rh8
Kc7 73.d6 und gewinnt. Wie kann Schwarz dieser Drohung begegnen?} (71. Kd6 Ra6+
$10) 71... Re4+ $4 {falsch!} (71... Rd4 $1 {der sT gehört sofort hinter den
d-Bauern} 72. d6 (72. Rh8+ Kc7 $10 {Der Bauer kommt nicht vorwärts.}) (72. Kd6
{Hecht} Kc8 73. Rh8+ Kb7 74. Ke6 Kc7 $1 $10 {Studieren Sie dazu auch die Nr.
18. Stanec wußte wie es geht}) 72... Re4+ {kann der weiße K nicht mehr nach d6
und Matt drohen.} 73. Kd5 Ra4 74. Kc5 Ra5+ 75. Kb6 Ra1 $10) 72. Kd6 $18 {
Und nun ist das passiert, was nicht passieren durfte. Durch die Mattdrohung
ist der schwarze König gezwungen, die Kontrolle der Felder vor dem Bauern
aufzugeben.} Kc8 (72... Re8 73. Ra7 $18) 73. Rh8+ Kb7 74. Kd7 {weil der sT
nicht auf d4 steht! Die Schachs von der langen Seite nutzen nichts, da sie nur
von der g-Linie erfolgen und stets ausgehen.} Rg4 75. d6 Rg7+ 76. Ke6 (76. Kd8
$4 Kc6 $10) 76... Rg6+ 77. Ke7 (77. Ke7 Rg7+ (77... Kc6 {Hecht} 78. Rc8+ Kd5 (
78... Kb7 79. d7 Rg7+ 80. Ke6 $18) 79. d7 Rg7+ 80. Ke8 Ke6 81. Rc6+ $18) 78.
Kf6 Rd7 79. Ke6 Rg7 80. d7 $18) 1-0